Normal view
MARC view
- اشعة الليزر-الفيزياء النووية
Entry Topical Term
001 - CONTROL NUMBER
- control field: 59287
003 - CONTROL NUMBER IDENTIFIER
- control field: JO-AjAnu
005 - DATE AND TIME OF LATEST TRANSACTION
- control field: 20230606083709.0
008 - FIXED-LENGTH DATA ELEMENTS
- fixed length control field: 230606|| aca||aabn | a|a d
040 ## - CATALOGING SOURCE
- Original cataloging agency: JO-AjAnu
- Transcribing agency: JO-AjAnu
150 ## - HEADING--TOPICAL TERM
- Topical term or geographic name entry element: اشعة الليزر-الفيزياء النووية
670 ## - SOURCE DATA FOUND
- Source citation: Work cat.: (JO-AjAnu)30239: تاليف فلتو، اورازيور؛ ترجمة صبحية شريف عبدالله، ترجمة منعم مشكور, author 59286, مبادىء الليزرات